000 00996cam a22002651i 4500
003 SA-RiAUC
005 20240925082108.0
008 240925s1998 su g b 00000 ara c
040 _aSA-RiAUC
_bara
_cSA-RiAUC
_erda
082 0 4 _a251.6
_qSA-RiAUC
090 _a251.6
_bش ا ك
100 1 _aشاكر، منيب بن محمود.
_eمؤلف.
245 1 2 _aالعمل بالاحتياط في الفقه الإسلامي /
_cتأليف منيب بن محمود شاكر.
250 _aالطبعة الأولى.
264 1 _aالرياض :
_bدار النفائس،
_c1998
300 _a512 صفحة ؛
_c24 سم
336 _aنص
_btxt
_2rdacontent
_3كتاب
337 _aبدون وسيط
_bn
_2rdamedia
338 _aمجلد
_bnc
_2rdacarrier
504 _aببليوجرافية : صفحة 467-494.
650 7 _aالشريعة الإسلامية
_2aucsh
650 7 _aأصول الفقه الإسلامي
_2aucsh
942 _2ddc
_cBOOK
_n0
949 _aSA-JeALM
_d240925
_umohamedma123
_n1
999 _c555
_d555